000 00936nam0a22002531 4500
001 rc\4853994
005 20130426143648.0
035 _a(NLR Aleph) 008815661
090 _a8189599
_c8189599
100 _a20130426d1968 |||y0rusy50 ca
101 0 _arus
102 _aRU
105 _aa z |||||
200 1 _a[Альбом репродукций
_fСост. и авт. вступ. статьи А.Я. Яровинский]
_gГос. худож. музей им. А.Н. Радищева
210 _aСаратов
_cПриволж. кн. изд-во
_d[1968]
215 _a4, [10] с.
_cил.
_d17
300 _aНа тит. л. авт.: худож. В. Ткаченко
700 1 _aТкаченко
_bВ. К.
_gВасилий Кузьмич
_4040
702 1 _aЯровинский
_bА. Я.
_4220
_4080
801 0 _aRU
_bNLR
_gpsbo
801 1 _aRU
_bELAR
_2rusmarc
852 _aNLR
_jЭ АлИс590/1-Т-484
942 _cBOOK
980 _aNB